000 00538nam a2200181Ia 4500
005 20250326125439.0
008 250326s9999 xx 000 0 und d
037 _aTextbook
040 _aFMSL
_beng
_cFMSL
041 _aeng
_2eng
084 _aY31:434pN78 M1
_qFMSL
100 _aChambers R
_9739100
245 0 _aSeasonal dimensions to rural poverty
_cChambers R; Longhurst R And Others
260 _aUSA
_bUSA, Frances Pinter
_c1981
300 _a258p
942 _cTB
_hY31:434pN78 M1
999 _c1278101
_d1278101